00686nam a2200241 4500001001300000003000400013005001700017008004100034010001700075025002000092043001200112050001800124100002500142245004400167260004100211300001900252350000900271504003100280651004200311651003800353651003600391999001700427sa 68018079 DLC20260227112708.0710510s1968 ii b 00010 eng  asa 68018079  aPL480:I-E-10583 aa-ii---0 aHN683.5b.T4710aThomas, Paul,d1910-1 aThe march of free India,cby P. Thomas.0 aErnakulam,bJoseph Thomasonsc[1968] a116 p.c19 cm. a3.75 aBibliographical footnotes. 0aIndiaxPolitics and governmenty1947- 0aIndiaxEconomic conditionsy1947- 0aIndiaxSocial conditionsy1947- c88164d88164